00397pab a2200145 454500008004000000100001900040245008300059260000900142300001500151362001200166650001400178650001400192700002800206773001700234180718b2012 xxu||||| |||| 00| 0 eng d aSharma, K.K.N. aStudy of fertility and mortality trends among the Kodaku tribe of Chhattisgarh c2012 ap.537-541. aJul-Dec aMortality aFertility aShrivastava, Anil Kumar aMan in India